The Jacobite Succession - Statistics

General Stats
  • This quiz has been taken 45 times
  • The average score is 6 of 12
Answer Stats
House Years of pretension Answer % Correct
Stuart 1688-1701 James II
89%
Stuart 1766-1788 Charles III
84%
Stuart 1701-1766 James III
79%
Stuart 1788-1807 Henry IX
58%
Savoy 1807-1819 Charles IV (King Charles Emmanuel III of Sardinia)
53%
Modena 1840-1875 Francis I (Duke of Modena)
50%
Bavaria 1996- Francis II (Duke of Bavaria)
50%
Savoy 1824-1840 Mary II (Duchess of Modena)
42%
Modena 1875-1919 Mary III (Queen Consort of Bavaria)
39%
Bavaria 1955-1996 Albert I (Duke of Bavaria)
29%
Bavaria 1919-1955 Robert I (Prince of Bavaria)
29%
Savoy 1819-1824 Victor I (King Victor Emmanuel I of Sardinia)
0%
No matching quizzes found
Score Distribution
Percent of People with Each Score
Percentile by Number Answered
Your Score History
You have not taken this quiz